Islam in Anatolia after the Turkish invasion : (رقم التسجيلة. 119771)

تفاصيل مارك
000 -LEADER
fixed length control field 01129cam a2200301 a 4500
008 - FIXED-LENGTH DATA ELEMENTS--GENERAL INFORMATION
fixed length control field 930419s1993 utub b 001 0 eng
010 ## - LIBRARY OF CONGRESS CONTROL NUMBER
LC control number 93004383
020 ## - INTERNATIONAL STANDARD BOOK NUMBER
International Standard Book Number 0874804280 (alk. paper)
040 ## - CATALOGING SOURCE
Original cataloging agency DLC
Transcribing agency DLC
Modifying agency DLC
041 1# - LANGUAGE CODE
Language code of text/sound track or separate title eng
Language code of original ota
043 ## - GEOGRAPHIC AREA CODE
Geographic area code a-tu---
050 00 - LIBRARY OF CONGRESS CALL NUMBER
Classification number BP63.T8
Item number K67 1993
082 00 - DEWEY DECIMAL CLASSIFICATION NUMBER
Classification number 297/.09561/0902
Edition number 20
092 04 - LOCALLY ASSIGNED DEWEY CALL NUMBER (OCLC)
Classification number 210.9561
Item number K839
Edition number 21
099 ## - LOCAL FREE-TEXT CALL NUMBER (OCLC)
Classification number 04
-- 210.9561 K839
100 1# - MAIN ENTRY--PERSONAL NAME
Personal name Kèoprèulèu, Mehmet Fuat,
Dates associated with a name 1890-1966.
245 10 - TITLE STATEMENT
Title Islam in Anatolia after the Turkish invasion :
Remainder of title (prolegomena) /
Statement of responsibility, etc. by Mehmed Fuad Kèoprèulèu ; translated, edited, and with an introduction by Gary Leiser.
260 ## - PUBLICATION, DISTRIBUTION, ETC.
Place of publication, distribution, etc. Salt Lake City :
Name of publisher, distributor, etc. University of Utah Press,
Date of publication, distribution, etc. 1993.
300 ## - PHYSICAL DESCRIPTION
Extent xviii, 141 p. :
Other physical details map ;
Dimensions 24 cm.
500 ## - GENERAL NOTE
General note Originally published in Darèulfèunèun Edebiyat Fakèultesi mecmuas ̧no. 2 (1922) under title: Anadolu'da çIslهamiyet.
504 ## - BIBLIOGRAPHY, ETC. NOTE
Bibliography, etc. note Includes bibliographical references (p. 125-136) and index.
650 #0 - SUBJECT ADDED ENTRY--TOPICAL TERM
Topical term or geographic name entry element Islam
Geographic subdivision Turkey
General subdivision History.
700 1# - ADDED ENTRY--PERSONAL NAME
Personal name Leiser, Gary,
Dates associated with a name 1946-
902 ## - LOCAL DATA ELEMENT B, LDB (RLIN)
No. of Items 2
905 ## - LOCAL DATA ELEMENT E, LDE (RLIN)
Cataloger Eman
Reviser Rev.
905 ## - LOCAL DATA ELEMENT E, LDE (RLIN)
Cataloger Jamal
Reviser Cat.
942 ## - ADDED ENTRY ELEMENTS (KOHA)
Source of classification or shelving scheme Dewey Decimal Classification
Koha item type Books
المقتنيات
Source of classification or shelving scheme Not for loan Home library Current library Date acquired Full call number Barcode Date last seen Copy number Koha item type
Dewey Decimal Classification   المكتبة المركزبة الجديدة - جامعة القاهرة قاعة الكتب - الدور الثاني 11.02.2024 210.9561 K839 01000110185132000 23.09.2023 C.1 Books
Dewey Decimal Classification   المكتبة المركزبة الجديدة - جامعة القاهرة قاعة الكتب - الدور الثاني 11.02.2024 210.9561 K839 01000110185133000 23.09.2023 C.2 Books
Cairo University Libraries Portal Implemented & Customized by: Eng. M. Mohamady Contacts: new-lib@cl.cu.edu.eg | cnul@cl.cu.edu.eg
CUCL logo CNUL logo
© All rights reserved — Cairo University Libraries
CUCL logo
Implemented & Customized by: Eng. M. Mohamady Contact: new-lib@cl.cu.edu.eg © All rights reserved — New Central Library
CNUL logo
Implemented & Customized by: Eng. M. Mohamady Contact: cnul@cl.cu.edu.eg © All rights reserved — Cairo National University Library